000 00580nam a2200169 i 4500
001 150755
003 ES-MaACL
005 20230906203659.0
007 t|
008 071108s1920 sp ||||1| spa d
100 1 _aEscrivá de Romani y Roca de Togores, Francisco.
_947665
245 1 0 _aPomas maduras
_b: poemas /
_cFrancisco Escrivá de Romaní y Roca de Togores ; ilustraciones de Federico Reparaz.
260 _aMadrid :
_b[s.n.,
_c1920] (
_fA. Fontana)
300 _a195 p. :
_bil. ;
_c18 cm.
700 1 _aReparaz, Federico.
_996257
852 _aES-MaACL
_jE-1196
_bR.26801
999 _c150755
_d150755